[Event "Fars Province-ch"]
[Site "Shiraz"]
[Date "2017.07.22"]
[Round "6"]
[White "Mari Ooriad, Pouya"]
[Black "Honarjouian, Alireza"]
[Result "1-0"]
[WhiteElo "2226"]
[BlackElo "1860"]
[PlyCount "52"]
[EventDate "2017.07.19"]
[EventType "swiss"]
[EventRounds "11"]
[EventCountry "IRI"]
[SourceTitle "CBM 187 Extra"]
[Source "ChessBase"]
[SourceDate "2018.11.04"]
[SourceVersion "1"]
[SourceVersionDate "2018.11.04"]
[SourceQuality "1"]

1. e4 e6 2. d4 d5 3. Nc3 Bb4 4. e5 c5 5. a3 Bxc3+ 6. bxc3 Qa5 7. Bd2 Qa4 8. Qb1 c4 9. Ne2 Nc6 10. g3 Nge7 11. Nf4 0-0 12. Bh3 Ng6 13. 0-0 Rb8 14. Nh5 Nce7 15. f4 f5 16. exf6 gxf6 17. f5 exf5 18. Bh6 Rf7 19. Qc1 Qc6 20. Qd2 f4 21. Bxc8 Rxc8 22. Bxf4 Qe6 23. Bh6 Nf5 24. Rae1 Qd7 25. Re2 Nxh6 26. Qxh6 Rcf8 1-0